| 000 | 00422nam a22001697a 4500 | ||
|---|---|---|---|
| 005 | 20230912114305.0 | ||
| 008 | 160121b xxu||||| |||| 00| 0 eng d | ||
| 040 | _aLoreto College | ||
| 082 |
_a220 _bBAR |
||
| 100 |
_aBarrosse, Thomas _qThomas Barrosse |
||
| 245 |
_aGod Speaks to Men _cThomas Barrosse |
||
| 260 |
_aAmerica _bNorth State Press |
||
| 300 | _a113p. | ||
| 650 | _aBible | ||
| 850 | _aLCLIB | ||
| 942 | _cBK | ||
| 999 |
_c40462 _d90941 |
||